000 01530nam a2200409 c 4500
001 24785
003 ES-MaCES
005 20180131142521.0
008 121211s2012 sz t i100 | spa d
020 _a9789223244835
020 _a9789223244842 (web pdf)
035 _aCES20120007838m
040 _aES-MaCES
_bspa
_cES-MaCES
111 2 _aConferencia Internacional del Trabajo
_eReunión
_n101ª
_d2012
_cGinebra
_91170
245 1 3 _aLa situación de los trabajadores en los territorios árabes ocupados
_b: memoria del Director General : anexo
_cConferencia Internacional del Trabajo, 101ª Reunión, 2012
250 _a1ª ed
260 _aGinebra
_bOficina Internacional del Trabajo
_c2012
300 _aVII, 55 p.
_c30 cm
504 _aBibliografía: p. 45-48
541 _cSuscripción conjunta
650 4 _atrabajador
_928414
650 4 _apaís árabe
_926973
650 4 _aIsrael
_926978
650 4 _aPalestina
_926984
650 4 _acondiciones económicas
_927081
650 4 _acondiciones de trabajo
_928327
650 4 _amercado de trabajo
_928292
650 4 _apapel de la OIT
_929112
653 1 0 _aRelaciones laborales-Empleo
650 4 _928369
_arelaciones laborales
650 4 _930664
_aconcertación social
787 0 _tLa situación de los trabajadores en los territorios árabes ocupados
_w(ES-MaCES)23915
710 2 _94718
_aOrganización Internacional del Trabajo
_eed.
902 _aDOC Literatura gris
942 _2CES
_cBK
_h2.0.
999 _c24785
_d24785